| 000 | 00787nam a2200289Ia 4500 | ||
|---|---|---|---|
| 008 | 180523s9999 xx 000 0 und d | ||
| 020 | _a9812-532-44-7 | ||
| 050 | _aMAIN GE 105 | ||
| 050 | _b.B68 2005 | ||
| 100 | _aBotkin, Daniel B. | ||
| 245 | 0 | _aEnvironmental science : | |
| 245 | 0 | _bearth as a living planet / | |
| 245 | 0 | _cDaniel B. Botkin, Edward A. Keller. | |
| 250 | _a5th Edition | ||
| 260 | _aNew York : | ||
| 260 | _bJohn Wiley & Sons, | ||
| 260 | _c2005 | ||
| 300 | _a664 pages : | ||
| 300 | _billustrations ; | ||
| 300 | _c26 cm. | ||
| 500 | _aIncludes index. | ||
| 650 | _aEnvironmental sciences. | ||
| 650 | _aHuman ecology. | ||
| 650 | _aSustainable development. | ||
| 650 | _xBiodiversity. | ||
| 650 | _xEnvironmental sciences -- Case studies. | ||
| 999 |
_c356679 _d356679 |
||